[Event "Women's Speed Chess Q1"]
[Site "chess.com INT"]
[Date "2020.06.18"]
[Round "6"]
[White "Arakhamia-Grant, Ketevan"]
[Black "Tarini, Goyal"]
[Result "0-1"]
[WhiteTitle "GM"]
[BlackTitle "WFM"]
[WhiteElo "2380"]
[BlackElo "2164"]
[WhiteFideId "13600168"]
[BlackFideId "5082749"]
[EventDate "2020.06.18"]

1. e4 c6 2. d4 d5 3. e5 Bf5 4. Nd2 e6 5. Nb3 c5 6. dxc5 Bxc5 7. Nxc5 Qa5+ 8. c3
Qxc5 9. Nf3 Qc7 10. Bb5+ Nc6 11. O-O Ne7 12. h3 O-O 13. Re1 a6 14. Bd3 Bxd3 15.
Qxd3 Ng6 16. Qe2 Rac8 17. h4 b5 18. h5 Nge7 19. h6 g6 20. Bg5 Nf5 21. g4 Nfe7
22. Bf6 Qb6 23. Qd2 d4 24. cxd4 Nd5 25. Bg7 Rfd8 26. Rac1 Ncb4 27. a3 Nc6 28. b4
a5 29. bxa5 Qxa5 30. Qd3 b4 31. axb4 Ncxb4 32. Qb3 Qa2 33. Qxa2 Nxa2 34. Rxc8
Rxc8 35. Ra1 Rc1+ 36. Rxc1 Nxc1 37. Kf1 Nc3 38. Ke1 Nb3 39. Bf6 Nb5 40. Ke2
N3xd4+ 41. Nxd4 Nxd4+ 42. Kd3 Nb5 43. Kc4 Nc7 44. Kc5 Kf8 45. Kd6 Nb5+ 46. Kd7
Nc3 47. Be7+ Kg8 48. Bg5 Ne4 49. Be3 Nc3 50. Ke8 Nd5 51. Bc5 Nf4 0-1

[Event "Women's Speed Chess Q1"]
[Site "chess.com INT"]
[Date "2020.06.18"]
[Round "6"]
[White "Chitlange, Sakshi"]
[Black "Lahav, Michal"]
[Result "1-0"]
[WhiteTitle "WIM"]
[BlackTitle "WIM"]
[WhiteElo "2167"]
[BlackElo "2219"]
[WhiteFideId "35002899"]
[BlackFideId "2813742"]
[EventDate "2020.06.18"]

1. d4 Nf6 2. Bf4 e5 3. dxe5 Nh5 4. Bd2 g6 5. e3 Nc6 6. Bc3 Ng7 7. Nf3 Ne6 8. h4
Bg7 9. h5 b6 10. Nbd2 Bb7 11. Bc4 d6 12. exd6 Bxc3 13. bxc3 Qxd6 14. hxg6 fxg6
15. Ne4 Qe7 16. Bxe6 Qxe6 17. Neg5 Qf6 18. Qd3 Ne5 19. Nxe5 Qxe5 20. Rxh7 Rxh7
21. Qxg6+ Kd7 22. Rd1+ Bd5 23. Qxh7+ Kc6 24. Qg6+ Kb7 25. Qd3 Bxg2 26. f4 Qh8
27. Kf2 Qh2 28. Qh7 Qxh7 29. Nxh7 Be4 30. Ng5 Bxc2 31. Rd7 Re8 32. Kf3 Bb1 33.
a3 Kc6 34. Rg7 a5 35. e4 Rd8 36. Ne6 Rd3+ 37. Ke2 Kd6 38. Nxc7 Rh3 39. e5+ Kc5
40. e6 Bd3+ 41. Kf2 Bc2 42. e7 Ba4 43. e8=Q Bxe8 44. Nxe8 Rh2+ 45. Ke3 Rc2 46.
Rc7+ Kb5 47. f5 Ka4 48. f6 Rc1 49. f7 Rf1 50. Rc4+ Kxa3 51. Rf4 Re1+ 52. Kd3
Rd1+ 53. Kc2 1-0

[Event "Women's Speed Chess Q1"]
[Site "chess.com INT"]
[Date "2020.06.18"]
[Round "6"]
[White "Gevorgyan, Maria"]
[Black "Hoang, Thi Bao Tram"]
[Result "1-0"]
[WhiteTitle "WGM"]
[BlackTitle "WGM"]
[WhiteElo "2228"]
[BlackElo "2288"]
[WhiteFideId "13300270"]
[BlackFideId "12401102"]
[EventDate "2020.06.18"]

1. e4 c6 2. d4 d5 3. e5 g6 4. c4 Be6 5. cxd5 Bxd5 6. Nc3 Bg7 7. Nxd5 Qxd5 8. Nf3
Na6 9. b3 Nc7 10. Bc4 Qd7 11. O-O Nh6 12. Re1 e6 13. Ba3 O-O-O 14. Qc2 Nf5 15.
Rad1 h5 16. Bc5 Kb8 17. a4 Bh6 18. a5 g5 19. Rd3 g4 20. Nd2 Bxd2 21. Qxd2 h4 22.
b4 g3 23. fxg3 hxg3 24. h3 Rh4 25. Qg5 Rdh8 26. Red1 R4h5 27. Qg4 Nd5 28. Bxd5
Qxd5 29. Rf1 Qd8 30. b5 cxb5 31. a6 bxa6 32. d5 Qc7 33. Qb4 Rh4 34. Qa3 Ra4 35.
Bxa7+ Kxa7 36. Qb2 Qb6+ 37. Kh1 Rd8 38. Qb3 Rc4 39. dxe6 fxe6 40. Rxd8 Qxd8 41.
Qf3 Qd4 42. Qh5 Qxe5 43. Qf7+ Rc7 44. Qe8 Qe4 45. Qd8 Rc2 46. Qd7+ Kb6 47. Qd8+
Kb7 48. Qd7+ Kb8 49. Qd8+ Rc8 50. Qb6+ Qb7 51. Qxe6 Ne7 52. Qd6+ Ka7 53. Re1 Nc6
54. Qc5+ Qb6 55. Qd6 Rc7 56. Qxg3 Rd7 57. Qg4 b4 58. Qxd7+ 1-0

[Event "Women's Speed Chess Q1"]
[Site "chess.com INT"]
[Date "2020.06.18"]
[Round "6"]
[White "Cramling, Pia"]
[Black "Nithyalakshmi, Sivanesan"]
[Result "1-0"]
[WhiteTitle "GM"]
[BlackTitle "WCM"]
[WhiteElo "2464"]
[BlackElo "1945"]
[WhiteFideId "1700030"]
[BlackFideId "5706955"]
[EventDate "2020.06.18"]

1. Nf3 Nf6 2. c4 c6 3. d4 d5 4. Qb3 dxc4 5. Qxc4 Be6 6. Qc2 g6 7. g3 Bg7 8. Bg2
Na6 9. Nc3 Nb4 10. Qa4 Nbd5 11. O-O O-O 12. Bd2 Qb6 13. Qa3 Nxc3 14. Bxc3 Bc4
15. Rfe1 Ne4 16. Ba5 Qa6 17. Ne5 Nd6 18. Bb4 Bxe2 19. Nd7 Rfd8 20. Nc5 Qxa3 21.
Bxa3 Bb5 22. Rxe7 Bxd4 23. Nxb7 Nxb7 24. Rxb7 Rab8 25. Rxb8 Rxb8 26. Rd1 Rd8 27.
Rd2 Bb6 28. Rxd8+ Bxd8 29. Bd6 Bf6 30. b3 Bc3 31. a4 Bd3 32. Bxc6 Bc2 33. b4 a5
34. bxa5 Bxa5 35. Bc5 Kg7 36. f4 Kf6 37. Kf2 Ke6 38. Ke3 f6 39. Bd4 g5 40. Bb5
h5 41. Ke2 h4 42. fxg5 fxg5 43. gxh4 gxh4 44. Bf2 Bd8 45. Kf3 Bd1+ 46. Kg2 Kd5
47. h3 Kd6 48. Be1 Kd5 49. a5 Kc5 50. Bd3 Ba4 51. a6 Kb6 52. Bf2+ Kc7 53. Be4
Kb8 54. a7+ Kc7 55. a8=Q Be7 56. Qa7+ Kd8 57. Qxa4 Bd6 58. Bb6+ Ke7 59. Qc6 Be5
60. Bc5+ Kf7 61. Bd5+ 1-0

[Event "Women's Speed Chess Q1"]
[Site "chess.com INT"]
[Date "2020.06.18"]
[Round "6"]
[White "Goltseva, Ekaterina"]
[Black "Bartel, Marta"]
[Result "1-0"]
[WhiteTitle "FM"]
[BlackTitle "WGM"]
[WhiteElo "2306"]
[BlackElo "2192"]
[WhiteFideId "24173770"]
[BlackFideId "1123009"]
[EventDate "2020.06.18"]

1. d4 f5 2. c4 Nf6 3. Nc3 g6 4. Nf3 Bg7 5. e3 O-O 6. Be2 d6 7. O-O c6 8. b4 Na6
9. Qb3 Kh8 10. b5 Nc7 11. a4 a5 12. Ba3 Bd7 13. Rfd1 Qe8 14. Rab1 Rb8 15. Bd3
Be6 16. Qc2 Bg8 17. Re1 Ne6 18. Bb2 Qd7 19. Rbd1 c5 20. d5 Nd8 21. e4 fxe4 22.
Nxe4 Nf7 23. Neg5 Nxg5 24. Nxg5 b6 25. Ne6 Bxe6 26. Rxe6 Ne8 27. Rde1 Rf7 28. h4
Kg8 29. h5 Bxb2 30. hxg6 hxg6 31. Rxg6+ Bg7 32. Rge6 Nf6 33. Bg6 Rbf8 34. f3 Ne8
35. Bxf7+ Rxf7 36. Qg6 Nf6 37. Qg5 Kf8 38. Qg6 Ng8 39. Kf1 Bf6 40. Ke2 Rg7 41.
Qf5 Rf7 42. Qg4 Qd8 43. Kd3 Qc7 44. Rh1 Qd8 45. Qh5 Bg7 46. Qg5 Qe8 47. Rh7 Nf6
48. Rh4 Ng8 49. Qg6 Nf6 50. Qg5 Ng8 51. Rg4 Nf6 52. Rg3 Ng8 53. Qg6 Nf6 54. Qg5
Ng8 55. Rg6 e5 56. Rxg7 Rxg7 57. Qxg7# 1-0

[Event "Women's Speed Chess Q1"]
[Site "chess.com INT"]
[Date "2020.06.18"]
[Round "6"]
[White "Frayna, Janelle Mae"]
[Black "Gaponenko, Inna"]
[Result "0-1"]
[WhiteTitle "WGM"]
[BlackTitle "IM"]
[WhiteElo "2179"]
[BlackElo "2396"]
[WhiteFideId "5212499"]
[BlackFideId "14101181"]
[EventDate "2020.06.18"]

1. e4 g6 2. d4 Bg7 3. Nc3 d6 4. Be3 a6 5. f4 b5 6. Nf3 Nd7 7. Bd3 Bb7 8. e5 c5
9. Be4 Qc8 10. dxc5 Nxc5 11. Bxb7 Nxb7 12. Nd5 Qc6 13. Qd2 Nh6 14. O-O-O Nf5 15.
Bf2 h5 16. exd6 Nbxd6 17. Ne5 Bxe5 18. fxe5 Ne4 19. Qf4 Nxf2 20. Qxf2 Rd8 21.
Qf3 Qc4 22. Nf6+ exf6 23. Rxd8+ Kxd8 24. Qa8+ Qc8 25. Rd1+ Ke7 26. Qa7+ Kf8 27.
exf6 Kg8 28. Rd7 Qe8 29. b3 Qe1+ 30. Rd1 Qe3+ 31. Qxe3 Nxe3 32. Rd6 Kh7 33. Rxa6
Re8 34. a4 bxa4 35. bxa4 Nc4 36. Kd1 g5 37. Rc6 Nb2+ 38. Kd2 Nxa4 39. Kd3 Kg6
40. Kd4 Re6 41. Rc8 Kxf6 42. c4 Rd6+ 43. Ke3 Rd1 44. Rc6+ Ke7 45. Rh6 h4 46. Rh5
f6 47. Rh7+ Ke6 48. g3 hxg3 49. hxg3 Nc5 50. Ke2 Rd4 51. Ra7 Rxc4 52. Kf3 Kf5
53. Ra5 Rc3+ 54. Kg2 Kg4 55. Kf2 Ne4+ 56. Ke2 Nxg3+ 57. Kd2 Rf3 58. Kd1 f5 59.
Ra4+ f4 60. Ra8 Nf5 61. Ke2 Re3+ 62. Kd2 Rh3 63. Rf8 Rh2+ 64. Kd3 f3 65. Ke4
Ng3+ 66. Ke5 Re2+ 67. Kd4 f2 68. Kd3 Ra2 69. Kc3 f1=Q 70. Rxf1 Nxf1 71. Kb3 Rd2
72. Kc3 Rd5 73. Kc4 Rd8 74. Kc5 Kf4 75. Kc6 g4 76. Kc7 Rd2 77. Kc6 g3 78. Kc5 g2
79. Kc4 g1=Q 80. Kc3 Qd4+ 81. Kb3 Rb2+ 0-1

[Event "Women's Speed Chess Q1"]
[Site "chess.com INT"]
[Date "2020.06.18"]
[Round "6"]
[White "Kazarian, Anna-Maja"]
[Black "Swati, Mohota"]
[Result "1-0"]
[WhiteTitle "FM"]
[BlackTitle "WFM"]
[WhiteElo "2096"]
[BlackElo "2027"]
[WhiteFideId "1033689"]
[BlackFideId "5006511"]
[EventDate "2020.06.18"]

1. e4 d5 2. exd5 Qxd5 3. Nc3 Qa5 4. d4 c6 5. Nf3 Nf6 6. Bd2 Qc7 7. Bc4 Bf5 8.
O-O e6 9. Ne5 Nbd7 10. Re1 Nxe5 11. dxe5 Nd5 12. Nxd5 exd5 13. Bb3 Bc5 14. Qf3
Be6 15. Qg3 O-O-O 16. Qxg7 Rdg8 17. Qf6 Bh3 18. g3 h5 19. c4 d4 20. Bc2 Be6 21.
Bf5 Qd7 22. Bxe6 fxe6 23. b4 Be7 24. Qf3 h4 25. g4 h3 26. Re4 Bh4 27. Qd3 Qh7
28. f3 Rd8 29. Rd1 Rhf8 30. c5 Rd5 31. a4 Rxe5 32. Qxd4 Rxe4 33. Qxe4 Bf2+ 34.
Kh1 Qxe4 35. fxe4 Bh4 36. g5 Rg8 37. Rg1 Bf2 38. Rg4 Bd4 39. g6 Rf8 40. Rf4 Rxf4
41. Bxf4 Bg7 42. Kg1 Kd7 43. Kf2 a6 44. Kg3 e5 45. Bg5 Ke6 46. Kxh3 a5 47. bxa5
Bf8 48. Kg4 Bxc5 49. h4 Bd4 50. h5 Bc3 51. h6 Bxa5 52. h7 Kd6 53. h8=Q Kc5 54.
Qxe5+ Kb6 55. Bd8+ Ka6 56. Qxa5# 1-0

[Event "Women's Speed Chess Q1"]
[Site "chess.com INT"]
[Date "2020.06.18"]
[Round "6"]
[White "Mukhina, Jana"]
[Black "Zakirova, Aisha"]
[Result "1/2-1/2"]
[WhiteTitle "WFM"]
[BlackTitle "WCM"]
[WhiteElo "2068"]
[BlackElo "1585"]
[WhiteFideId "34115428"]
[BlackFideId "13719734"]
[EventDate "2020.06.18"]

1. e4 c5 2. b4 cxb4 3. a3 d5 4. exd5 Qxd5 5. Nf3 e6 6. Bb2 Nc6 7. Be2 e5 8. O-O
Nf6 9. axb4 Bxb4 10. c4 Qd6 11. Na3 O-O 12. Nb5 Qb8 13. d4 e4 14. Ne5 a6 15. Qa4
Bf5 16. Nxc6 bxc6 17. Qxb4 axb5 18. cxb5 Nd5 19. Qc5 Nf4 20. Qxf5 Nxe2+ 21. Kh1
Rxa1 22. Bxa1 Qxb5 23. Qxb5 cxb5 24. Re1 Ra8 25. g3 b4 26. Rxe2 Rxa1+ 27. Kg2 f5
28. Rb2 Ra4 29. f3 exf3+ 30. Kxf3 Kf7 31. Ke3 Ke6 32. Rb3 Kd5 33. Kd3 g6 34. h3
h6 35. g4 f4 36. Kc2 Kxd4 37. Rf3 g5 38. h4 Kc4 39. hxg5 hxg5 40. Rh3 b3+ 41.
Kb2 Ra2+ 42. Kb1 Rg2 43. Rh8 Rxg4 44. Rc8+ Kb4 45. Rb8+ Kc3 46. Rc8+ Kd4 47. Kb2
Rg3 48. Rd8+ Ke4 49. Re8+ Kf5 50. Rf8+ Kg4 51. Rf7 f3 52. Kxb3 f2+ 53. Kc2 Rf3
54. Ra7 f1=Q 55. Ra4+ Rf4 56. Ra3 Qe2+ 57. Kb3 Rf3+ 58. Kb4 Qe4+ 59. Kb5 Rxa3
60. Kc5 Qe5+ 61. Kc4 Ra4+ 62. Kb3 Rf4 63. Kc2 Qe3 64. Kd1 Rf2 1/2-1/2

[Event "Women's Speed Chess Q1"]
[Site "chess.com INT"]
[Date "2020.06.18"]
[Round "6"]
[White "Zhuravleva, Olga"]
[Black "Bivol, Alina"]
[Result "0-1"]
[WhiteTitle "WIM"]
[BlackTitle "WGM"]
[WhiteElo "2278"]
[BlackElo "2386"]
[WhiteFideId "4145933"]
[BlackFideId "4100123"]
[EventDate "2020.06.18"]

1. e4 e6 2. d4 d5 3. Nd2 c5 4. exd5 Qxd5 5. Ngf3 cxd4 6. Bc4 Qd7 7. O-O Nf6 8.
Nb3 Nc6 9. Nbxd4 Be7 10. c3 O-O 11. Bg5 h6 12. Bh4 a6 13. Bg3 b5 14. Bd3 Bb7 15.
Qe2 Nxd4 16. Nxd4 b4 17. Rad1 bxc3 18. bxc3 Qd5 19. f3 Qa5 20. Rc1 Rac8 21. Nb3
Qa3 22. c4 a5 23. Bf2 Rfd8 24. Bb1 a4 25. Nd4 Bc5 26. Nb5 Bxf2+ 27. Qxf2 Qc5 28.
Qxc5 Rxc5 29. Na3 Rd2 30. Rfd1 Rxd1+ 31. Rxd1 g6 32. Kf2 Kf8 33. Ke3 Ke7 34. Bc2
Bc6 35. Kd4 Ra5 36. Rb1 Nd7 37. Bd1 g5 38. Nc2 h5 39. Nb4 Ba8 40. Nd3 g4 41. Ke3
f5 42. Rb4 Bc6 43. a3 Kd6 44. Nb2 Nc5 45. Rb8 Ra7 46. Rh8 Rb7 47. Nd3 Rb1 48.
Nxc5 Kxc5 49. Be2 Rb3+ 50. Kf2 Rxa3 51. Rxh5 Ra2 52. fxg4 a3 53. gxf5 exf5 54.
Rxf5+ Kb4 55. Rf6 Ba4 56. Rb6+ Kc3 57. Ra6 Bb3 58. c5 Rxe2+ 59. Kf3 a2 60. c6
Re7 61. h4 Kb2 62. g4 a1=Q 63. Rxa1 Kxa1 64. g5 Bd5+ 65. Kf4 Rh7 66. Kg4 Bxc6
67. g6 Re7 68. Kg5 Bf3 69. h5 Re5+ 70. Kf6 Rxh5 71. g7 Bd5 0-1

[Event "Women's Speed Chess Q1"]
[Site "chess.com INT"]
[Date "2020.06.18"]
[Round "6"]
[White "Cagara, Paulina"]
[Black "Rakshitta, Ravi"]
[Result "1-0"]
[BlackTitle "WIM"]
[WhiteElo "2054"]
[BlackElo "2190"]
[WhiteFideId "1124870"]
[BlackFideId "25073230"]
[EventDate "2020.06.18"]

1. e4 e5 2. Nf3 Nc6 3. c3 d5 4. Qa4 dxe4 5. Nxe5 Bd7 6. Nxd7 Qxd7 7. Qxe4+ Be7
8. Bb5 Nf6 9. Bxc6 bxc6 10. Qe2 O-O 11. O-O Rfe8 12. d4 Bd6 13. Qf3 Ng4 14. g3
Qe6 15. Na3 Qg6 16. h3 Nf6 17. Bf4 Rab8 18. Nc4 Bxf4 19. Qxf4 Nd5 20. Qf3 f6 21.
Rae1 Qf7 22. b3 Qd7 23. Kh2 Rxe1 24. Rxe1 Re8 25. Rxe8+ Qxe8 26. Na5 Qe1 27.
Nxc6 Nxc3 28. Ne7+ Kf7 29. Nf5 g6 30. Ne3 Ne2 31. Qd5+ Kg7 32. Qg2 Nxd4 33. h4
Qe2 34. a4 Nf3+ 35. Kh3 h5 36. g4 hxg4+ 37. Nxg4 Ne1 38. Qg3 Qe4 39. Qxc7+ Kf8
40. Qd6+ Qe7 41. Qxf6+ Qxf6 42. Nxf6 Ke7 43. Ne4 Ke6 44. Kg4 Ke5 45. Nd2 Nd3 46.
f4+ Kf6 47. Ne4+ Kg7 48. Kg5 Ne1 49. Nd6 Nf3+ 50. Kg4 Nd4 51. Nb5 Nxb3 52. Nxa7
Na5 53. Nb5 Kf6 54. Nd6 Nc6 55. Ne4+ Kg7 56. Kg5 Kf7 57. Nd6+ Kg7 58. Nc4 Na7
59. a5 Nb5 60. a6 Na7 61. Ne5 Nc8 62. Nxg6 Na7 63. Ne7 Kf7 64. Nd5 Ke6 65. Nc7+
Kd7 66. Nd5 Kd6 67. Nf6 Kc6 68. h5 Kb6 69. h6 Nc6 70. h7 Nd8 71. Kg6 Ne6 72. Kf7
Nxf4 73. h8=Q Kxa6 74. Qc8+ Kb6 75. Qb8+ Ka6 76. Qxf4 Kb5 77. Qd4 Ka5 78. Qc4
Kb6 79. Qd5 Ka6 80. Qb3 Ka7 81. Ke7 Ka6 82. Kd6 Ka5 83. Kc5 Ka6 84. Qb6# 1-0

[Event "Women's Speed Chess Q1"]
[Site "chess.com INT"]
[Date "2020.06.18"]
[Round "7"]
[White "Koridze, Lile"]
[Black "Nithyalakshmi, Sivanesan"]
[Result "0-1"]
[WhiteTitle "WFM"]
[BlackTitle "WCM"]
[WhiteElo "1996"]
[BlackElo "1945"]
[WhiteFideId "13612514"]
[BlackFideId "5706955"]
[EventDate "2020.06.18"]

1. d4 Nf6 2. c4 g6 3. Nc3 d5 4. Nf3 Bg7 5. Bg5 Ne4 6. cxd5 Nxc3 7. bxc3 Qxd5 8.
Qd2 h6 9. Bh4 c5 10. e3 Nc6 11. Bd3 Bg4 12. e4 Qh5 13. Qf4 Bxf3 14. gxf3 g5 15.
Qc7 Qxf3 16. Qxb7 O-O 17. Kd2 gxh4 18. Qxc6 Qxf2+ 19. Be2 cxd4 20. Raf1 Qe3+ 21.
Kd1 dxc3 22. Ke1 Rad8 23. Rfg1 Rd1+ 0-1

[Event "Women's Speed Chess Q1"]
[Site "chess.com INT"]
[Date "2020.06.18"]
[Round "7"]
[White "Zakirova, Aisha"]
[Black "Munoz Monroy, Cinthya Carolina"]
[Result "1-0"]
[WhiteTitle "WCM"]
[BlackTitle "WFM"]
[WhiteElo "1585"]
[BlackElo "2007"]
[WhiteFideId "13719734"]
[BlackFideId "4407482"]
[EventDate "2020.06.18"]

1. d4 Nf6 2. c4 c5 3. d5 b5 4. Qc2 bxc4 5. e4 d6 6. Bxc4 Nbd7 7. Nf3 g6 8. O-O
Bg7 9. Nc3 O-O 10. Bg5 Qb6 11. b3 Ba6 12. Rab1 Rab8 13. Qe2 Bxc4 14. bxc4 Qa5
15. Bd2 a6 16. Nb5 Qxa2 17. Ra1 Qc2 18. Rxa6 Nxe4 19. Na3 Nc3 20. Qxe7 Qf5 21.
Bxc3 Bxc3 22. Nb5 Rfe8 23. Qxd6 Ne5 24. Nxc3 Nxf3+ 25. gxf3 Qxf3 26. Qg3 Qf6 27.
Rxf6 1-0

[Event "Women's Speed Chess Q1"]
[Site "chess.com INT"]
[Date "2020.06.18"]
[Round "7"]
[White "Grigoryan, Meri"]
[Black "Rakshitta, Ravi"]
[Result "1-0"]
[WhiteTitle "WFM"]
[BlackTitle "WIM"]
[WhiteElo "2044"]
[BlackElo "2190"]
[WhiteFideId "13300571"]
[BlackFideId "25073230"]
[EventDate "2020.06.18"]

1. d4 Nf6 2. Nf3 g6 3. c3 Bg7 4. Bg5 d6 5. Qd2 O-O 6. Bh6 c5 7. Bxg7 Kxg7 8. h3
Nc6 9. g4 e5 10. d5 Ne7 11. c4 a6 12. Nc3 Bd7 13. g5 Ne8 14. h4 f5 15. gxf6+
Nxf6 16. Bh3 Bxh3 17. Rxh3 Nf5 18. Ng5 Nd4 19. e3 h6 20. exd4 hxg5 21. dxe5 dxe5
22. hxg5 Ng4 23. Ne4 Rf4 24. Nxc5 Qb6 25. Ne6+ Kg8 26. Nxf4 exf4 27. O-O-O Ne5
28. Qd4 Re8 29. Qxb6 1-0

[Event "Women's Speed Chess Q1"]
[Site "chess.com INT"]
[Date "2020.06.18"]
[Round "7"]
[White "Maklakova, Nellija"]
[Black "Arakhamia-Grant, Ketevan"]
[Result "0-1"]
[BlackTitle "GM"]
[WhiteElo "1833"]
[BlackElo "2380"]
[WhiteFideId "11603470"]
[BlackFideId "13600168"]
[EventDate "2020.06.18"]

1. c4 e5 2. Nc3 g6 3. e4 Bg7 4. Nf3 Nc6 5. a3 Nge7 6. b4 O-O 7. Be2 f5 8. O-O d6
9. Rb1 Nd4 10. Bb2 Ne6 11. Bd3 Nf4 12. Bc2 c6 13. d4 fxe4 14. Bxe4 d5 15. cxd5
cxd5 16. Bc2 Bg4 17. dxe5 Nxg2 18. Kxg2 Bxf3+ 19. Qxf3 Rxf3 20. Kxf3 Bxe5 21.
Rfe1 Qf8+ 22. Kg2 Qf4 23. Rxe5 Qxe5 24. Nb5 Qg5+ 25. Kh1 Rf8 26. Bc1 Qg4 27. Be3
Nf5 28. Bd1 Qe4+ 0-1

[Event "Women's Speed Chess Q1"]
[Site "chess.com INT"]
[Date "2020.06.18"]
[Round "7"]
[White "Shafigullina, Zarina"]
[Black "Cagara, Paulina"]
[Result "1-0"]
[WhiteTitle "WFM"]
[WhiteElo "2296"]
[BlackElo "2054"]
[WhiteFideId "24174220"]
[BlackFideId "1124870"]
[EventDate "2020.06.18"]

1. d4 f5 2. Nf3 Nf6 3. g3 g6 4. Bg2 Bg7 5. O-O O-O 6. c4 d6 7. Nc3 Qe8 8. Nd5
Nxd5 9. cxd5 Qb5 10. Ng5 Na6 11. a3 h6 12. Ne6 Bxe6 13. dxe6 c6 14. e4 Nc7 15.
d5 fxe4 16. Bxe4 cxd5 17. Bxg6 Nxe6 18. Qh5 Ng5 19. Bxg5 d4 20. Bxe7 Qxh5 21.
Bxh5 Rf5 22. Bg4 Rb5 23. b4 d5 24. Bc5 b6 25. Be7 d3 26. Rad1 d4 27. Rxd3 Re8
28. Bd7 1-0

[Event "Women's Speed Chess Q1"]
[Site "chess.com INT"]
[Date "2020.06.18"]
[Round "7"]
[White "Root, Alexey"]
[Black "Mukhina, Jana"]
[Result "0-1"]
[WhiteTitle "WIM"]
[BlackTitle "WFM"]
[WhiteElo "2025"]
[BlackElo "2068"]
[WhiteFideId "2004658"]
[BlackFideId "34115428"]
[EventDate "2020.06.18"]

1. d4 Nf6 2. Nf3 g6 3. c4 Bg7 4. Nc3 d6 5. e4 O-O 6. Be2 e5 7. d5 a5 8. O-O Na6
9. a3 Nh5 10. Rb1 Nf4 11. b4 axb4 12. axb4 Nxe2+ 13. Qxe2 b6 14. Be3 f5 15. exf5
Bxf5 16. Ng5 Bxb1 17. Rxb1 Rf7 18. Ne6 Qd7 19. Qd2 Re8 20. Bh6 Rxe6 21. dxe6
Qxe6 22. Bxg7 Kxg7 23. Nd5 Nb8 24. Ra1 Nc6 25. Ra8 Qf5 26. h4 Qb1+ 27. Kh2 Qe4
28. Kh3 Qf5+ 29. Kg3 Nd4 30. Ra7 h5 31. Rxc7 Qg4+ 32. Kh2 Qxh4+ 33. Kg1 Qg4 34.
Rxf7+ Kxf7 35. Nxb6 Nf3+ 0-1

[Event "Women's Speed Chess Q1"]
[Site "chess.com INT"]
[Date "2020.06.18"]
[Round "7"]
[White "Selkirk, Rebecca"]
[Black "Starosta, Martyna"]
[Result "0-1"]
[WhiteTitle "WCM"]
[BlackTitle "WCM"]
[WhiteElo "1799"]
[BlackElo "2079"]
[WhiteFideId "14306514"]
[BlackFideId "21818754"]
[EventDate "2020.06.18"]

1. e4 e5 2. Nf3 Nc6 3. Bb5 a6 4. Ba4 d6 5. O-O g6 6. d4 Bd7 7. c3 Bg7 8. Bb3 Nf6
9. Bg5 h6 10. Be3 O-O 11. h3 Kh7 12. Nbd2 Nh5 13. d5 Ne7 14. Bc2 Qe8 15. c4 f5
16. exf5 gxf5 17. Nh4 Kh8 18. f4 e4 19. Rb1 Ng3 20. Rf2 Bf6 21. Nxf5 Nexf5 22.
b4 Nxe3 0-1

[Event "Women's Speed Chess Q1"]
[Site "chess.com INT"]
[Date "2020.06.18"]
[Round "7"]
[White "Gaponenko, Inna"]
[Black "Sihite, Chelsie Monica Ignesias"]
[Result "1/2-1/2"]
[WhiteTitle "IM"]
[BlackTitle "WIM"]
[WhiteElo "2396"]
[BlackElo "2252"]
[WhiteFideId "14101181"]
[BlackFideId "7101198"]
[EventDate "2020.06.18"]

1. e4 e5 2. Nf3 Nc6 3. Bb5 a6 4. Bxc6 dxc6 5. O-O Bg4 6. h3 h5 7. d3 Qf6 8. Nbd2
Bc5 9. Nc4 Bxf3 10. Qxf3 Qxf3 11. gxf3 f6 12. Be3 Bxe3 13. fxe3 Ne7 14. f4 b5
15. Nd2 Ng6 16. Kh2 exf4 17. exf4 Kf7 18. Nb3 Rae8 19. Rf2 Ne7 20. Rg1 g6 21.
Nc5 a5 22. a4 Rb8 23. b3 Rhd8 24. Ra1 b4 25. Rd1 Rd4 26. Rg1 f5 27. exf5 Nxf5
28. Ne4 Re8 29. Re1 Kg7 30. Rg2 Nh4 31. Rf2 Kh6 32. Ree2 Rf8 33. Kg3 Nf5+ 34.
Kh2 Nh4 35. Kg3 Nf5+ 36. Kh2 Nh4 1/2-1/2

[Event "Women's Speed Chess Q1"]
[Site "chess.com INT"]
[Date "2020.06.18"]
[Round "7"]
[White "Fuentes Inzunza, Lesly"]
[Black "Mikheeva, Galina"]
[Result "0-1"]
[WhiteTitle "WFM"]
[BlackTitle "WFM"]
[WhiteElo "1840"]
[BlackElo "1901"]
[WhiteFideId "3408205"]
[BlackFideId "44108320"]
[EventDate "2020.06.18"]

1. d4 Nf6 2. c4 e6 3. a3 d5 4. e3 b6 5. Nf3 Bb7 6. Bd3 Nbd7 7. O-O Be7 8. Qc2
O-O 9. Nc3 c5 10. Ne5 dxc4 11. Bxc4 cxd4 12. exd4 Rc8 13. Ba2 Ne4 14. Bd2 Nxd2
15. Nxd7 Nf3+ 16. gxf3 Qxd7 17. Qe2 Qxd4 18. Bxe6 fxe6 19. Qxe6+ Rf7 20. Rad1
Qf6 21. Qd7 Qxf3 22. Nd5 Bxd5 23. Rxd5 Rd8 24. Qxe7 Qxd5 25. Qh4 Rd6 26. h3 Rg6+ 0-1

[Event "Women's Speed Chess Q1"]
[Site "chess.com INT"]
[Date "2020.06.18"]
[Round "7"]
[White "Enkhtuul, Altan-Ulzii"]
[Black "Padmini, Rout"]
[Result "0-1"]
[WhiteTitle "WGM"]
[BlackTitle "IM"]
[WhiteElo "2228"]
[BlackElo "2370"]
[WhiteFideId "4901444"]
[BlackFideId "5029295"]
[EventDate "2020.06.18"]

1. b4 e6 2. Bb2 Nf6 3. a3 a5 4. b5 d5 5. e3 Nbd7 6. Nf3 Nc5 7. a4 Bd6 8. Be2 O-O
9. O-O c6 10. c4 Qe7 11. d4 Nce4 12. c5 Bb8 13. Nbd2 Nxd2 14. Qxd2 Ne4 15. Qc2
f6 16. Bd3 f5 17. Rab1 Bd7 18. Ba3 Be8 19. bxc6 Bxc6 20. Bb5 e5 21. dxe5 Bxe5
22. Nxe5 Qxe5 23. Bb2 Qe6 24. Bd4 h5 25. Bxc6 bxc6 26. Rb6 h4 27. h3 g5 28. Qe2
g4 29. hxg4 fxg4 30. Rb7 Rf7 31. Rxf7 Kxf7 32. Rb1 Qd7 33. f3 Ng3 34. Qf2 Kg8
35. fxg4 Rf8 36. Qc2 Qxg4 37. Re1 h3 38. gxh3 Ne2+ 39. Kh2 Qg3+ 40. Kh1 Qxh3# 0-1

[Event "Women's Speed Chess Q1"]
[Site "chess.com INT"]
[Date "2020.06.18"]
[Round "7"]
[White "Burtasova, Anna"]
[Black "Skuhala, Barbara"]
[Result "0-1"]
[WhiteTitle "WGM"]
[BlackTitle "WFM"]
[WhiteElo "2261"]
[BlackElo "2095"]
[WhiteFideId "4150740"]
[BlackFideId "14605465"]
[EventDate "2020.06.18"]

1. e4 c5 2. c3 d5 3. exd5 Qxd5 4. d4 cxd4 5. cxd4 e6 6. Nf3 Bb4+ 7. Nc3 Nf6 8.
Bd3 O-O 9. O-O Bxc3 10. bxc3 b6 11. Bg5 Ba6 12. Bxf6 gxf6 13. Re1 Bxd3 14. Qxd3
Nc6 15. Re4 f5 16. Rh4 f6 17. c4 Qd7 18. d5 exd5 19. cxd5 Ne5 20. Nxe5 fxe5 21.
Rd1 Rad8 22. d6 Qe6 23. Qd2 Rd7 24. Rh6 Rf6 25. Rxf6 Qxf6 26. Qd5+ Kg7 27. h3 e4
28. a4 Qf7 29. Qe5+ Qf6 30. Qf4 h6 31. Rd5 Kg6 32. Kh2 a6 33. Qg3+ Kf7 34. Qf4
Ke6 35. Rd1 Qe5 36. Kg3 Rg7+ 0-1